000 00521nam a22001817a 4500
005 20240402112348.0
010 _aENG-139708
020 _a9788192862903
_c250.00
035 _aB-512363-365
037 _adpl
_bBSB/Ven
082 _aN
100 _aSolomon Chris
_964136
245 _aSons of Light:
_bThe Call of The Servitors/
_cChris Solomon
260 _aPark Town
_bThe Christian Literature Society
_c2014
270 _aPost Box No. 501
_bChennai
_e600003
300 _a332p.
_c22(Pbk)
942 _2ddc
_cEN
_mSOL
_hN
999 _c201487
_d201487